Statistics for Musical (movies) by Picture

Click here to take the quiz!

General Stats

  • This quiz has been taken 144 times
  • The average score is 12 of 16

Answer Stats

Answer% Correct
Grease
98%
Beauty and the Beast
97%
The Wizard of Oz
92%
Mary Poppins
88%
Singin' in the Rain
88%
The Sound of Music
86%
Annie
84%
La La Land
84%
The Greatest Showman
77%
Hairspray
75%
Mama Mia
72%
Les Misérables.
69%
West Side Story
68%
Enchanted
52%
My Fair Lady
44%
Oklahoma
42%

Score Distribution

Percentile by Number Answered

Percent of People with Each Score

Your Score History

You have not taken this quiz